| 000 | 00674nam a2200193Ia 4500 | ||
|---|---|---|---|
| 005 | 20251020182521.0 | ||
| 008 | 200515s9999 xx 000 0 und d | ||
| 082 | _a69.059.22/F35 | ||
| 100 | _aFELD, Jacob | ||
| 245 | 0 | _aFallas técnicas en la construcción | |
| 260 | _aMéxico, D.F. | ||
| 260 | _c1983 | ||
| 500 | _a explicaciones completas de las causas de los fracasos ocurridos en algunas obras y da advertencias detalladas para evitar resultados adversos | ||
| 520 | _aOfrece un panorama de cada uno de los aspectos de la industria de la construcción, presenta además | ||
| 650 | _aCONSTRUCCION | ||
| 650 | _aFALLAS TECNICAS | ||
| 650 | _aLIB | ||
| 942 | _cLIB | ||
| 999 |
_c1734 _d1734 |
||